[Event "SR 3. liga A2 2018/2019"]
[Site "?"]
[Date "2018.11.04"]
[Round "3.4"]
[White "Skapikova, Lubica"]
[Black "Kolenak, Matus"]
[Result "0-1"]
[WhiteElo "1876"]
[BlackElo "1966"]
[PlyCount "124"]
[EventDate "2018.??.??"]

1. e4 c5 2. f4 Nc6 3. Nf3 e6 4. g3 d5 5. e5 Nge7 6. Bg2 h5 7. c3 d4 8. d3 Nf5
9. Qe2 h4 10. g4 h3 11. gxf5 hxg2 12. Qxg2 exf5 13. c4 Bd7 14. Na3 a6 15. Bd2
Qb6 16. Rb1 Nb4 17. Bxb4 Qxb4+ 18. Ke2 Rh6 19. Nc2 Qa4 20. Na3 Rg6 21. Qf1 Bc6
22. Rg1 Rh6 23. h3 O-O-O 24. Ng5 Rd7 25. Qd1 Qxd1+ 26. Rbxd1 f6 27. Ne6 Rh8 28.
exf6 gxf6 29. Nxf8 Rxf8 30. Rg3 Re7+ 31. Kf2 Rfe8 32. Rd2 Rh8 33. Kg1 Re1+ 34.
Kf2 Rh1 35. Nc2 R1xh3 36. Ne1 Rxg3 37. Kxg3 Rg8+ 38. Kh3 Rg4 39. Rf2 b5 40. b3
bxc4 41. bxc4 Kc7 42. Kh2 Kb6 43. Kh3 Ka5 44. Nc2 Ba4 45. Na3 Kb4 46. Nb1 Rg1
47. Rb2+ Ka5 48. Kh2 Rc1 49. Kg3 Rc2 50. Rb8 Rxa2 51. Rc8 Bc2 52. Rxc5+ Kb4 53.
Rxf5 Bxb1 54. Rxf6 Bxd3 55. Rc6 Bxc4 56. f5 Ra5 57. Kf4 Bd3 58. f6 Rf5+ 59. Kg4
a5 60. Rb6+ Kc5 61. Rb3 Be4 62. Ra3 Kb4 0-1

[Event "SR 3. liga A2 2018/2019"]
[Site "?"]
[Date "2018.11.04"]
[Round "3.4"]
[White "Sturdik, Igor"]
[Black "Palka, Martin"]
[Result "1/2-1/2"]
[WhiteElo "1955"]
[BlackElo "1846"]
[PlyCount "49"]
[EventDate "2018.??.??"]

1. e4 c5 2. Nf3 Nc6 3. d4 cxd4 4. Nxd4 e5 5. Nb5 d6 6. N1c3 a6 7. Na3 Be7 8.
Nd5 Nf6 9. Nxf6+ Bxf6 10. Bc4 O-O 11. O-O Be6 12. Bxe6 fxe6 13. c4 Rc8 14. Be3
Qd7 15. Qd2 Nd4 16. Rfd1 b5 17. Rac1 b4 18. Nc2 Rxc4 19. Nxd4 Rxc1 20. Rxc1
exd4 21. Bxd4 Rc8 22. Bxf6 Rxc1+ 23. Qxc1 gxf6 24. g3 Kg7 25. Qc4 1/2-1/2

[Event "SR 3. liga A2 2018/2019"]
[Site "?"]
[Date "2018.11.04"]
[Round "3.4"]
[White "Lanik, Miroslav"]
[Black "Mosny, Jaroslav"]
[Result "1/2-1/2"]
[WhiteElo "1846"]
[BlackElo "1905"]
[PlyCount "33"]
[EventDate "2018.??.??"]

1. e4 e5 2. d4 exd4 3. Qxd4 Nc6 4. Qe3 d6 5. Nc3 Nf6 6. Bd2 Be7 7. O-O-O O-O 8.
Bd3 Ne5 9. f3 c6 10. g4 Qc7 11. Nge2 Re8 12. Ng3 Bf8 13. g5 Nfd7 14. Kb1 Nc5
15. Bc1 b5 16. Qf2 Bd7 17. h4 1/2-1/2

[Event "SR 3. liga A2 2018/2019"]
[Site "?"]
[Date "2018.11.04"]
[Round "3.4"]
[White "Doucha, Ludvig"]
[Black "Huska, Branislav"]
[Result "0-1"]
[WhiteElo "1845"]
[BlackElo "1821"]
[PlyCount "106"]
[EventDate "2018.??.??"]

1. d4 Nf6 2. Bg5 e6 3. e4 h6 4. Bxf6 Qxf6 5. e5 Qd8 6. Nd2 d6 7. Qg4 Nc6 8.
Ngf3 Bd7 9. O-O-O Qe7 10. Kb1 O-O-O 11. Bb5 Nxe5 12. Bxd7+ Nxd7 13. Rhe1 Nf6
14. Qf4 d5 15. Ne5 g5 16. Qe3 Nd7 17. Ndf3 Bg7 18. Qd3 Nxe5 19. dxe5 f6 20.
exf6 Qxf6 21. Qd4 Qxd4 22. Nxd4 Bxd4 23. Rxd4 Rhf8 24. Rd2 Rf6 25. Rde2 Kd7 26.
f3 Re8 27. Kc1 Kd6 28. Re5 Re7 29. Kd2 Rf5 30. R5e3 e5 31. c3 Rf4 32. Kd3 c5
33. b3 b5 34. R3e2 c4+ 35. Kc2 d4 36. bxc4 bxc4 37. cxd4 Rxd4 38. Rd2 Kc5 39.
Rxd4 Kxd4 40. Re4+ Kd5 41. Kc3 Rc7 42. h4 gxh4 43. Rxh4 Rg7 44. g4 Rf7 45. Rh3
a5 46. Rg3 Rf4 47. Rh3 Rd4 48. Kc2 Rd3 49. Rxh6 Rxf3 50. Ra6 Rf2+ 51. Kb1 Kd4
52. Rxa5 e4 53. Rf5 e3 0-1

[Event "SR 3. liga A2 2018/2019"]
[Site "?"]
[Date "2018.11.04"]
[Round "3.4"]
[White "Lauko, Tomas"]
[Black "Bahna, Jan"]
[Result "0-1"]
[WhiteElo "1729"]
[BlackElo "1829"]
[PlyCount "94"]
[EventDate "2018.??.??"]

1. e4 e5 2. Nf3 Nc6 3. c3 Nf6 4. Qc2 d6 5. d4 Bg4 6. Nbd2 Be7 7. Be2 O-O 8. Nb3
Re8 9. h3 Bd7 10. d5 Nb8 11. Be3 c5 12. Nbd2 b5 13. Nh2 a5 14. g4 h6 15. g5
hxg5 16. Bxg5 Nxd5 17. Bxe7 Nxe7 18. O-O-O Ng6 19. Ng4 Nf4 20. Nf3 Qe7 21. Rdg1
Na6 22. h4 c4 23. h5 Nc5 24. h6 g6 25. Kb1 Ncd3 26. Bxd3 Nxd3 27. Ne3 Be6 28.
Rg3 Qf6 29. Rh2 Rec8 30. Ng5 b4 31. Nxe6 Qxe6 32. Nd5 bxc3 33. Qxc3 Rab8 34. f4
Kh8 35. fxe5 Qxe5 36. Qxe5+ Nxe5 37. Rd2 Rb7 38. Nf6 Rc6 39. Ra3 c3 40. Rxa5
Rb8 41. Rc2 Nc4 42. Ra7 Nd2+ 43. Kc1 cxb2+ 44. Kxd2 Rxc2+ 45. Kxc2 b1=Q+ 46.
Kd2 Rb2+ 47. Ke3 Qg1+ 0-1

[Event "SR 3. liga A2 2018/2019"]
[Site "?"]
[Date "2018.11.04"]
[Round "3.4"]
[White "Suchan, Jozef"]
[Black "Dest, Stanislav"]
[Result "0-1"]
[WhiteElo "1750"]
[BlackElo "1547"]
[PlyCount "76"]
[EventDate "2018.??.??"]

1. d4 d5 2. c4 e6 3. e3 Nf6 4. Nf3 Nbd7 5. Bd3 Be7 6. O-O O-O 7. Nc3 a6 8. b3
c5 9. Bb2 Re8 10. Rc1 b6 11. Re1 Bb7 12. a3 Qb8 13. h3 Bd6 14. Qe2 cxd4 15.
exd4 e5 16. dxe5 Nxe5 17. Nxe5 Bxe5 18. Qd2 Bf4 19. Rxe8+ Nxe8 20. Qc2 Bxc1 21.
Bxh7+ Kh8 22. Bxc1 Nf6 23. Bd3 Qd6 24. Bb2 Re8 25. Ne2 dxc4 26. bxc4 Qc6 27. f3
Qc5+ 28. Kf1 Qd6 29. a4 Rd8 30. Bd4 Re8 31. Bf2 Bc8 32. c5 bxc5 33. Bxc5 Qc7
34. Qc4 Re5 35. Bd4 Qxc4 36. Bxc4 Ra5 37. Nc3 Be6 38. Bb6 Bxc4+ 0-1

[Event "SR 3. liga A2 2018/2019"]
[Site "?"]
[Date "2018.11.04"]
[Round "3.5"]
[White "Kovacocy, Pavol"]
[Black "Hrubsa, Marian"]
[Result "1-0"]
[WhiteElo "2266"]
[BlackElo "1931"]
[PlyCount "89"]
[EventDate "2018.??.??"]

1. e4 e6 2. d3 d5 3. Nd2 Nf6 4. g3 Bc5 5. Bg2 dxe4 6. dxe4 Qd4 7. Qe2 Ng4 8.
Nh3 h5 9. Nb3 Qb4+ 10. c3 Qb6 11. Nxc5 Qxc5 12. Nf4 e5 13. Nd3 Qe7 14. h3 Nf6
15. Bg5 Nc6 16. O-O Be6 17. Rfd1 O-O-O 18. Qe3 Kb8 19. b4 Bc4 20. Nb2 Rxd1+ 21.
Rxd1 Be6 22. Bf1 Rd8 23. Rxd8+ Qxd8 24. a4 a6 25. b5 axb5 26. axb5 Na7 27. c4
Qd7 28. Bxf6 gxf6 29. h4 Bg4 30. Nd3 Nc8 31. f3 Bh3 32. Be2 Be6 33. Nc5 Qd6 34.
Nxe6 Qxe6 35. Kg2 f5 36. exf5 Qxf5 37. c5 Ne7 38. Qe4 c6 39. bxc6 Qxe4 40. fxe4
bxc6 41. Bxh5 f6 42. Bf7 f5 43. h5 fxe4 44. h6 Nf5 45. h7 1-0

[Event "SR 3. liga A2 2018/2019"]
[Site "?"]
[Date "2018.11.04"]
[Round "3.5"]
[White "Vogl, Zdenek"]
[Black "Sarmir, Milos"]
[Result "0-1"]
[WhiteElo "1883"]
[BlackElo "2071"]
[PlyCount "68"]
[EventDate "2018.??.??"]

1. e4 e5 2. Nf3 Nc6 3. Bb5 a6 4. Ba4 Nf6 5. O-O Be7 6. Re1 b5 7. Bb3 d6 8. c3
O-O 9. h3 Na5 10. Bc2 c5 11. d4 Qc7 12. Nbd2 Bd7 13. Nf1 Rfc8 14. Bg5 cxd4 15.
Rc1 dxc3 16. bxc3 Be6 17. Ne3 h6 18. Bh4 Ne8 19. Nd5 Bxd5 20. exd5 Bxh4 21.
Nxh4 g6 22. Re3 Qe7 23. Nxg6 fxg6 24. Bxg6 Ng7 25. Rg3 Rc4 26. Bf5 Kh8 27. Bb1
Rf8 28. Rg6 Rf6 29. Qd3 e4 30. Qg3 Rxg6 31. Qxg6 Qg5 32. Qxg5 hxg5 33. Re1 Rxc3
34. Bxe4 Nc4 0-1

[Event "SR 3. liga A2 2018/2019"]
[Site "?"]
[Date "2018.11.04"]
[Round "3.5"]
[White "Vagovsky, Jozef"]
[Black "Harastova, Viera"]
[Result "1/2-1/2"]
[WhiteElo "1788"]
[BlackElo "1831"]
[PlyCount "57"]
[EventDate "2018.??.??"]

1. d4 d5 2. Nf3 Nf6 3. Bf4 Bf5 4. c4 e6 5. Nc3 Bd6 6. Bg5 c6 7. Qb3 b6 8. e3 h6
9. Bh4 g5 10. Bg3 Bxg3 11. hxg3 Ng4 12. cxd5 exd5 13. Qa3 Rh7 14. Nd1 Qe7 15.
Qc3 c5 16. Bb5+ Kf8 17. Bd3 Bg6 18. Bxg6 fxg6 19. Qd3 Qf7 20. dxc5 bxc5 21. O-O
Nd7 22. Nc3 Nb6 23. Rad1 Rd8 24. b3 Qe6 25. a4 Rhd7 26. Ne2 Kf7 27. a5 Nc8 28.
Qb5 Rc7 29. Qd3 1/2-1/2

[Event "SR 3. liga A2 2018/2019"]
[Site "?"]
[Date "2018.11.04"]
[Round "3.5"]
[White "Vach, Jozef"]
[Black "Bohunicky, Ivan"]
[Result "0-1"]
[WhiteElo "1696"]
[BlackElo "1916"]
[PlyCount "76"]
[EventDate "2018.??.??"]

1. d4 Nf6 2. c4 e6 3. Nf3 b6 4. g3 Bb7 5. Bg2 Be7 6. Nc3 O-O 7. O-O d5 8. cxd5
Nxd5 9. Re1 c5 10. e4 Nxc3 11. bxc3 Na6 12. Ba3 Rc8 13. Rc1 cxd4 14. Bxe7 Qxe7
15. cxd4 Nb4 16. Rxc8 Rxc8 17. Re2 Qc7 18. Qb3 Qc3 19. Qa4 a5 20. h4 Bc6 21.
Qb3 Bb5 22. Re3 Qa1+ 23. Kh2 Qxa2 24. Qxa2 Nxa2 25. d5 Rc3 26. Re1 Nb4 27. dxe6
fxe6 28. Ng5 Bc4 29. Bh3 Nd3 30. Rf1 Rc2 31. Kg2 e5 32. Be6+ Bxe6 33. Nxe6 h6
34. Rd1 Nxf2 35. Rd7 Nxe4+ 36. Kf3 Nc5 37. Rxg7+ Kh8 38. Rc7 Nxe6 0-1

[Event "SR 3. liga A2 2018/2019"]
[Site "?"]
[Date "2018.11.04"]
[Round "3.5"]
[White "Markuliak, Mario"]
[Black "Harasta, Marian"]
[Result "1/2-1/2"]
[WhiteElo "1829"]
[BlackElo "1657"]
[PlyCount "53"]
[EventDate "2018.??.??"]

1. e4 c5 2. c4 Nc6 3. Nf3 e5 4. Nc3 Nf6 5. d3 d6 6. Be2 Be6 7. Bg5 Be7 8. O-O
h6 9. Bh4 Nd4 10. Nxd4 cxd4 11. Bxf6 Bxf6 12. Nd5 Bxd5 13. exd5 O-O 14. f4 Re8
15. f5 Bg5 16. Bf3 Be3+ 17. Kh1 Qg5 18. Be4 f6 19. Rf3 Bf4 20. g3 Be3 21. h4
Qg4 22. Kh2 Qh5 23. Qb3 b6 24. Qa3 Red8 25. b4 a5 26. Kh3 Bd2 27. b5 1/2-1/2

[Event "SR 3. liga A2 2018/2019"]
[Site "?"]
[Date "2018.11.04"]
[Round "3.5"]
[White "Bartos, Bohumil"]
[Black "Vlkovic, Pavol"]
[Result "0-1"]
[WhiteElo "1552"]
[BlackElo "1829"]
[PlyCount "63"]
[EventDate "2018.??.??"]

1. d4 g6 2. e4 d6 3. Be3 Bg7 4. Nf3 Nd7 5. Nc3 c6 6. Qd2 b5 7. Bd3 b4 8. Ne2 a5
9. c3 Rb8 10. O-O Ngf6 11. Bh6 O-O 12. Bxg7 Kxg7 13. Rfc1 c5 14. Ng3 e5 15. d5
Nb6 16. b3 Bg4 17. c4 Nh5 18. Nxh5+ Bxh5 19. Be2 a4 20. h3 Bxf3 21. Bxf3 Qe7
22. Qd3 Ra8 23. Bd1 Ra6 24. Qg3 Rfa8 25. f4 exf4 26. Qxf4 axb3 27. Bxb3 Nd7 28.
Rf1 Ne5 29. Qe3 Ra3 30. Rf4 Nxc4 31. Qc1 Ne5 32. Rh4 0-1

[Event "SR 3. liga A2 2018/2019"]
[Site "?"]
[Date "2018.11.04"]
[Round "3.5"]
[White "Stefik, Miroslav"]
[Black "Romanova, Ela"]
[Result "1-0"]
[WhiteElo "1612"]
[BlackElo "1337"]
[PlyCount "81"]
[EventDate "2018.??.??"]

1. e4 e5 2. Nf3 Nc6 3. Nc3 Nf6 4. Bc4 Be7 5. O-O d6 6. h3 Be6 7. Be2 O-O 8. d3
Nd7 9. Nh2 f5 10. exf5 Bxf5 11. Nd5 Nf6 12. Nxe7+ Qxe7 13. Bg5 Qf7 14. Bg4 Nxg4
15. Nxg4 Qg6 16. Bh4 h5 17. Ne3 Bxh3 18. Kh2 Be6 19. c3 Qh6 20. d4 exd4 21.
cxd4 Nb8 22. Rc1 g5 23. Rxc7 gxh4 24. Re7 Nc6 25. Rxb7 Qf4+ 26. Kg1 Nxd4 27.
Qxh5 Rf7 28. Rxf7 Bxf7 29. Qd1 Bxa2 30. Qd3 Bf7 31. Rc1 d5 32. Rd1 Nc6 33. Nxd5
Qe5 34. Qf3 Kg7 35. Ne3 Rc8 36. Qg4+ Kf6 37. Qxc8 Qc5 38. Qc7 Kg6 39. Rd6+ Kg7
40. Rxc6 Qb4 41. Qe5+ 1-0

[Event "SR 3. liga A2 2018/2019"]
[Site "?"]
[Date "2018.11.04"]
[Round "3.6"]
[White "Kalmar, Tamas"]
[Black "Sobek, Michal"]
[Result "0-1"]
[WhiteElo "2079"]
[BlackElo "2010"]
[PlyCount "48"]
[EventDate "2018.??.??"]

1. d4 Nf6 2. c4 c5 3. d5 b5 4. cxb5 a6 5. bxa6 g6 6. Nc3 Bg7 7. e4 d6 8. Nf3
O-O 9. Be2 Bxa6 10. O-O Qb6 11. Re1 Nbd7 12. Bxa6 Qxa6 13. h3 Rfb8 14. Qc2 Nb6
15. Rb1 Nfd7 16. a3 Nc4 17. Nd2 Nde5 18. Nxc4 Nxc4 19. Nd1 Qa5 20. Re2 Qb5 21.
Ra1 Na5 22. Nc3 Qc4 23. Be3 Rxb2 24. Qxb2 Bxc3 0-1

[Event "SR 3. liga A2 2018/2019"]
[Site "?"]
[Date "2018.11.04"]
[Round "3.6"]
[White "Sefcik, Marek"]
[Black "Veselsky, Jozef"]
[Result "1/2-1/2"]
[WhiteElo "2018"]
[BlackElo "2141"]
[PlyCount "41"]
[EventDate "2018.??.??"]

1. e4 c5 2. Nf3 g6 3. c4 Bg7 4. g3 Nc6 5. Bg2 d6 6. h3 Rb8 7. Nc3 a6 8. d3 b5
9. cxb5 axb5 10. O-O Bd7 11. Qe2 b4 12. Nd5 e6 13. Ne3 Nge7 14. Nc4 Nc8 15. Bf4
Qe7 16. Bg5 Qf8 17. Rac1 h6 18. Bf4 g5 19. Be3 e5 20. Nh2 Ke7 21. f4 1/2-1/2

[Event "SR 3. liga A2 2018/2019"]
[Site "?"]
[Date "2018.11.04"]
[Round "3.6"]
[White "Merva, Frantisek"]
[Black "Horak, Ivan"]
[Result "0-1"]
[WhiteElo "2088"]
[BlackElo "1990"]
[PlyCount "124"]
[EventDate "2018.??.??"]

1. d4 d5 2. Nf3 Nf6 3. e3 e6 4. Bd3 Bd6 5. O-O O-O 6. Nbd2 Nbd7 7. c3 e5 8.
dxe5 Nxe5 9. Nxe5 Bxe5 10. h3 Re8 11. c4 Be6 12. Qc2 c6 13. Nf3 dxc4 14. Bxc4
Bxc4 15. Qxc4 Bc7 16. b3 Re4 17. Qc2 Qe7 18. Bb2 Re8 19. Rad1 Nd5 20. Rd4 f5
21. Re1 Bb6 22. Rxe4 fxe4 23. Nd2 Kh8 24. a3 Bc7 25. Rd1 Qd6 26. Nxe4 Qh2+ 27.
Kf1 Qh1+ 28. Ke2 Qxg2 29. Rxd5 cxd5 30. Nf6 Rxe3+ 31. Kxe3 Bb6+ 32. Kf4 gxf6
33. Bxf6+ Kg8 34. Qc8+ Kf7 35. Bh4 Qe4+ 36. Kg3 Bxf2+ 37. Kxf2 Qxh4+ 38. Kg2
Qe4+ 39. Kg3 d4 40. Qd7+ Kf6 41. Qd8+ Kg7 42. Qd7+ Kh6 43. Qd6+ Qg6+ 44. Qxg6+
hxg6 45. Kf4 Kh5 46. Ke4 Kh4 47. Kxd4 Kxh3 48. Ke5 Kg4 49. Kd6 Kf5 50. Kc7 g5
51. Kxb7 g4 52. Kxa7 g3 53. b4 g2 54. b5 g1=Q+ 55. Ka6 Qd4 56. Ka5 Qa7+ 57. Kb4
Ke6 58. a4 Kd5 59. a5 Qe7+ 60. Ka4 Kc5 61. b6 Qe4+ 62. Ka3 Qb4+ 0-1

[Event "SR 3. liga A2 2018/2019"]
[Site "?"]
[Date "2018.11.04"]
[Round "3.6"]
[White "Zlamal, Marek"]
[Black "Csuri, Szilveszter"]
[Result "1-0"]
[WhiteElo "1848"]
[BlackElo "1987"]
[PlyCount "75"]
[EventDate "2018.??.??"]

1. e4 c5 2. c4 Nc6 3. Nc3 d6 4. d3 e5 5. Be2 Nd4 6. Nf3 Nxe2 7. Nxe2 f5 8. exf5
Bxf5 9. Ng3 Bd7 10. O-O Nf6 11. Ng5 Be7 12. f4 exf4 13. Bxf4 O-O 14. Qd2 Qb6
15. Rae1 Rae8 16. Ne6 Rf7 17. Nf5 Nh5 18. Nexg7 Rxg7 19. Nxg7 Nxg7 20. Bh6 d5
21. Bxg7 Qg6 22. Bh6 Bd6 23. Rxe8+ Bxe8 24. Bg5 Qh5 25. Bf4 Bxf4 26. Qxf4 Bf7
27. g4 Qg6 28. cxd5 Qg7 29. d6 Bxa2 30. d7 Qe7 31. Qb8+ Kg7 32. Qf8+ Qxf8 33.
Rxf8 Kxf8 34. d8=Q+ Kf7 35. g5 Kg6 36. Qf6+ Kh5 37. h3 Kh4 38. Kh2 1-0

[Event "SR 3. liga A2 2018/2019"]
[Site "?"]
[Date "2018.11.04"]
[Round "3.6"]
[White "Vegh, Vince"]
[Black "Hrubos, Milan"]
[Result "1-0"]
[WhiteElo "1930"]
[BlackElo "1731"]
[PlyCount "73"]
[EventDate "2018.??.??"]

1. e4 e5 2. Nf3 Nc6 3. Bb5 a6 4. Ba4 Nf6 5. O-O b5 6. Bb3 d6 7. Re1 Be7 8. c3
Na5 9. Bc2 c5 10. d3 O-O 11. h3 Bb7 12. Nbd2 Qc7 13. Nf1 Rac8 14. Ng3 g6 15.
Bh6 Rfe8 16. Qd2 Nc6 17. a4 b4 18. Bb3 Na5 19. Bc2 b3 20. Bd1 c4 21. Be2 d5 22.
exd5 Bxd5 23. d4 exd4 24. Nxd4 Nc6 25. Bf1 Nxd4 26. Qxd4 Qc5 27. Qf4 Qd6 28.
Qd2 Qc6 29. Nf5 Ne4 30. Nxe7+ Rxe7 31. Qd4 f5 32. f3 Rd7 33. fxe4 Bxe4 34.
Bxc4+ Bd5 35. Bxd5+ Qxd5 36. Qxd5+ Rxd5 37. Rad1 1-0

[Event "SR 3. liga A2 2018/2019"]
[Site "?"]
[Date "2018.11.04"]
[Round "3.6"]
[White "Holiencin, Filip"]
[Black "Sarkozi, Szabolcs"]
[Result "0-1"]
[WhiteElo "1710"]
[BlackElo "1941"]
[PlyCount "68"]
[EventDate "2018.??.??"]

1. d4 Nf6 2. c4 g6 3. Nc3 Bg7 4. e4 d6 5. Nf3 O-O 6. Be2 Na6 7. O-O e5 8. d5
Nc5 9. Qc2 a5 10. Bg5 h6 11. Be3 Nfd7 12. Nd2 f5 13. f4 exf4 14. Rxf4 Be5 15.
Rff1 f4 16. Bf2 b6 17. Nf3 g5 18. Nd4 Qf6 19. Rad1 Bxd4 20. Bxd4 Ne5 21. a3 a4
22. Bxc5 bxc5 23. Nxa4 Bg4 24. Nc3 f3 25. gxf3 Bxf3 26. Rf2 Qf4 27. Bxf3 Nxf3+
28. Kh1 Qh4 29. Rdf1 g4 30. Ne2 Nxh2 31. Rxf8+ Rxf8 32. Rxf8+ Kxf8 33. Nf4 Nf3+
34. Qh2 Qxh2# 0-1

[Event "SR 3. liga A2 2018/2019"]
[Site "?"]
[Date "2018.11.04"]
[Round "3.6"]
[White "Meszaros, Lorant"]
[Black "Stehlik, Jan"]
[Result "1/2-1/2"]
[WhiteElo "1934"]
[BlackElo "1576"]
[PlyCount "119"]
[EventDate "2018.??.??"]

1. d4 e6 2. c4 d5 3. Nf3 Nf6 4. g3 c5 5. Bg2 Nc6 6. cxd5 exd5 7. O-O Be7 8. Nc3
O-O 9. h3 c4 10. Ne5 Bb4 11. Bg5 Bxc3 12. Nxc6 bxc6 13. bxc3 h6 14. Bxf6 Qxf6
15. e4 dxe4 16. Re1 Be6 17. Qh5 Qf5 18. Qxf5 Bxf5 19. g4 Bh7 20. Bxe4 Bxe4 21.
Rxe4 Rfe8 22. Rae1 Kf8 23. Kg2 Rxe4 24. Rxe4 Rb8 25. Re2 Rb1 26. h4 Rc1 27. Rb2
Rxc3 28. Rb4 Ke7 29. Rb7+ Ke6 30. Rxa7 Rd3 31. Ra8 c3 32. Ra5 Rxd4 33. Rc5 Kd6
34. Rxc3 Rxg4+ 35. Kh3 Rd4 36. Kg3 Kd5 37. f4 c5 38. Kf3 Ra4 39. a3 Kd4 40. Re3
c4 41. Ke2 c3 42. Re7 Rxa3 43. Rxf7 Ra2+ 44. Kd1 Rg2 45. f5 Kd3 46. Rd7+ Ke4
47. Rf7 Kd3 48. Rd7+ Kc4 49. Kc1 Kb3 50. Rb7+ Kc4 51. Rd7 c2 52. Kb2 Kc5 53.
Kc1 Kc6 54. Rd4 Kc5 55. Rd7 Kc6 56. Rd4 Rf2 57. Rg4 Rxf5 58. Rxg7 Rh5 59. Rg4
Kd5 60. Kxc2 1/2-1/2

[Event "SR 3. liga A2 2018/2019"]
[Site "?"]
[Date "2018.11.04"]
[Round "3.6"]
[White "Svrcek, Daniel"]
[Black "Both, Lajos"]
[Result "0-1"]
[WhiteElo "1323"]
[BlackElo "1805"]
[PlyCount "68"]
[EventDate "2018.??.??"]

1. d4 Nf6 2. c4 g6 3. Nc3 d5 4. Bg5 Ne4 5. Bd2 Nxd2 6. Qxd2 c6 7. e3 Bg7 8. Nf3
O-O 9. h3 e6 10. Be2 Nd7 11. O-O Nf6 12. Qc2 Bd7 13. Rac1 Rc8 14. Qb3 Rc7 15.
c5 Bc8 16. Bd3 Nd7 17. Rfe1 e5 18. Bb1 e4 19. Nd2 Nf6 20. Nf1 Nh5 21. Ne2 Qg5
22. Nfg3 Nxg3 23. Nxg3 h5 24. Kh2 h4 25. Ne2 Qh6 26. Qd1 f5 27. Rg1 g5 28. Rc2
Rcf7 29. Rd2 Kh8 30. b4 a6 31. a4 f4 32. exf4 gxf4 33. Nc1 Bf5 34. Nb3 Qg6 0-1

[Event "SR 3. liga A2 2018/2019"]
[Site "?"]
[Date "2018.11.25"]
[Round "4.1"]
[White "Slamena, Michal"]
[Black "Sobek, Michal"]
[Result "0-1"]
[WhiteElo "1997"]
[BlackElo "2010"]
[PlyCount "58"]
[EventDate "2018.??.??"]

1. e4 c5 2. Nf3 Nc6 3. d4 cxd4 4. Nxd4 g6 5. Nc3 Bg7 6. Be3 Nf6 7. Bc4 O-O 8.
Bb3 d6 9. f3 Bd7 10. Qd2 Nxd4 11. Bxd4 b5 12. O-O-O a5 13. h4 a4 14. Bd5 b4 15.
Bxa8 bxc3 16. Bxc3 Qxa8 17. g4 a3 18. b3 Rc8 19. Bd4 Qc6 20. c4 Be6 21. h5 d5
22. c5 dxe4 23. hxg6 hxg6 24. Rh4 exf3 25. Kb1 Qe4+ 26. Qc2 Qxc2+ 27. Kxc2 Nxg4
28. Bxg7 Kxg7 29. Rd4 f2 0-1

[Event "SR 3. liga A2 2018/2019"]
[Site "?"]
[Date "2018.11.25"]
[Round "4.1"]
[White "Sefcik, Marek"]
[Black "Malar, Pavol"]
[Result "0-1"]
[WhiteElo "2018"]
[BlackElo "2074"]
[PlyCount "98"]
[EventDate "2018.??.??"]

1. e4 e6 2. d3 d5 3. Nd2 c5 4. Ngf3 Nc6 5. g3 Nf6 6. Bg2 Be7 7. O-O Qc7 8. Re1
b6 9. e5 Nd7 10. Qe2 Bb7 11. c3 O-O-O 12. Nf1 h6 13. h4 Rdg8 14. N1h2 g5 15.
hxg5 hxg5 16. Ng4 Kb8 17. d4 Rh5 18. Be3 Rgh8 19. Nfh2 Qc8 20. Rad1 Ba6 21. Qc2
R8h7 22. Bf1 Bxf1 23. Rxf1 Qh8 24. f4 f5 25. exf6 Nxf6 26. Rd2 Ne4 27. Rg2 Rh3
28. Rf3 Rg7 29. fxg5 Bxg5 30. Bxg5 Rxg5 31. Nf2 Rhxg3 32. Rfxg3 Nxg3 33. dxc5
Qg7 34. Nfg4 Nf5 35. Qd2 bxc5 36. Qf4+ e5 37. Qa4 Kc7 38. Nf3 Rg6 39. Qc2 e4
40. Nfh2 Nh4 41. Rg3 Ne5 42. Qf2 Nhf3+ 43. Nxf3 Rxg4 44. Qxc5+ Nc6 45. Nd4
Rxg3+ 46. Kf2 Rg2+ 47. Kf1 Rg1+ 48. Ke2 Qg4+ 49. Kd2 Rg2+ 0-1

[Event "SR 3. liga A2 2018/2019"]
[Site "?"]
[Date "2018.11.25"]
[Round "4.1"]
[White "Janas, Peter"]
[Black "Jakubec, Milan"]
[Result "0-1"]
[WhiteElo "1733"]
[BlackElo "2028"]
[PlyCount "87"]
[EventDate "2018.??.??"]

1. Nf3 d5 2. c4 e6 3. e3 Nf6 4. Nc3 c6 5. b3 Bd6 6. Bb2 O-O 7. Qc2 Nbd7 8. h4
e5 9. O-O-O Qe7 10. d4 e4 11. Ng5 h6 12. f4 exf3 13. e4 dxe4 14. gxf3 Bf4+ 15.
Kb1 e3 16. Nge4 Nh5 17. Ne2 f5 18. Nxf4 Nxf4 19. Nc3 Nh5 20. Ne2 f4 21. Bh3
Ndf6 22. Bxc8 Raxc8 23. Qg6 Qf7 24. Rhg1 Qxg6+ 25. Rxg6 Kh7 26. Rdg1 Rcd8 27.
Kc2 Rg8 28. R6g2 g5 29. hxg5 Rxg5 30. Rh2 Rdg8 31. Rgh1 Rg2 32. Kd3 Rxe2 33.
Rxh5 Rd2+ 34. Kc3 Nxh5 35. Rxh5 Rgg2 36. Ba3 Rxa2 37. Bb4 e2 38. Re5 Rf2 39. d5
Rxf3+ 40. Kd4 Rxb3 41. dxc6 bxc6 42. Re7+ Kg6 43. Kc5 Rxb4 44. Kxb4 0-1

[Event "SR 3. liga A2 2018/2019"]
[Site "?"]
[Date "2018.11.25"]
[Round "4.1"]
[White "Horak, Ivan"]
[Black "Tupy, Bystrik"]
[Result "1-0"]
[WhiteElo "1990"]
[BlackElo "1741"]
[PlyCount "51"]
[EventDate "2018.??.??"]

1. e4 e5 2. Nf3 Nc6 3. Bb5 Nf6 4. d4 exd4 5. O-O h6 6. Re1 Bc5 7. e5 Ng8 8. c3
dxc3 9. Nxc3 Nge7 10. Ne4 Bb6 11. Bf4 Ng6 12. Bg3 O-O 13. a3 Re8 14. Nc3 Nce7
15. Qd3 c6 16. Bc4 d5 17. exd6 Nf5 18. Rad1 Nxg3 19. Qxg6 Rxe1+ 20. Rxe1 Be6
21. Bxe6 fxe6 22. Qxe6+ Kh7 23. hxg3 Qf8 24. d7 Qc5 25. Ne4 Qc2 26. Neg5+ 1-0

[Event "SR 3. liga A2 2018/2019"]
[Site "?"]
[Date "2018.11.25"]
[Round "4.1"]
[White "Tupy, Emil"]
[Black "Hirmajer, Jan"]
[Result "1-0"]
[WhiteElo "1639"]
[BlackElo "1894"]
[PlyCount "99"]
[EventDate "2018.??.??"]

1. Nf3 c5 2. c4 g6 3. g3 Bg7 4. Bg2 Nc6 5. Nc3 Nf6 6. d3 d6 7. a3 O-O 8. O-O
Bg4 9. Re1 Rb8 10. h3 Bd7 11. Qc2 Qc8 12. Kh2 e5 13. Bd2 a6 14. Qc1 Re8 15. Bh6
Bh8 16. e4 Na5 17. Qc2 b5 18. cxb5 axb5 19. Rad1 Nc6 20. Nd5 Nxd5 21. exd5 Ne7
22. Ng1 Nf5 23. Qd2 b4 24. axb4 Rxb4 25. Rb1 Nxh6 26. Qxh6 Qb7 27. Re2 Bb5 28.
Rd2 Bg7 29. Qe3 Rb3 30. Ne2 c4 31. Nc1 Rb4 32. dxc4 Rxc4 33. Bf1 Rd4 34. Bxb5
Qxb5 35. Rxd4 exd4 36. Qf3 Re1 37. Ra1 Re8 38. Nd3 Qb7 39. h4 Be5 40. Kg2 Kg7
41. Re1 Qc7 42. Qe2 Rb8 43. Rc1 Qe7 44. Re1 Qc7 45. Nxe5 dxe5 46. Qxe5+ Qxe5
47. Rxe5 d3 48. d6 Rxb2 49. d7 Re2 50. Rd5 1-0

[Event "SR 3. liga A2 2018/2019"]
[Site "?"]
[Date "2018.11.25"]
[Round "4.1"]
[White "Jancicka, Viliam"]
[Black "Husek, Lubomir"]
[Result "0-1"]
[WhiteElo "1617"]
[BlackElo "1835"]
[PlyCount "45"]
[EventDate "2018.??.??"]

1. d4 g6 2. e4 Bg7 3. Nf3 d6 4. Nc3 Nf6 5. Be2 O-O 6. h3 c5 7. d5 Nbd7 8. Bd2
h6 9. Qc1 Kh7 10. Bf4 a6 11. Rb1 b5 12. O-O b4 13. Nd1 Nxe4 14. Bd3 Nef6 15.
Ne3 Bb7 16. Rd1 Nb6 17. c4 bxc3 18. bxc3 Bxd5 19. Nd2 Be6 20. Nec4 Nbd5 21. Ne4
Nxe4 22. Bxe4 Nxf4 23. Bxa8 0-1

[Event "SR 3. liga A2 2018/2019"]
[Site "?"]
[Date "2018.11.25"]
[Round "4.1"]
[White "Hrubos, Milan"]
[Black "Bojnansky, Juraj"]
[Result "1-0"]
[WhiteElo "1731"]
[BlackElo "1567"]
[PlyCount "67"]
[EventDate "2018.??.??"]

1. e4 c5 2. Nf3 Nc6 3. d4 cxd4 4. Nxd4 e6 5. Nc3 Bc5 6. Nb3 Bb4 7. g3 Qf6 8.
Bd2 a6 9. Bg2 Nge7 10. a3 Ba5 11. O-O O-O 12. h4 Bc7 13. Bg5 Qg6 14. Nd4 f6 15.
Be3 e5 16. Nxc6 bxc6 17. Bc5 Qf7 18. Bd6 Bxd6 19. Qxd6 Re8 20. Rfe1 Ng6 21. Bh3
Nf8 22. Na4 g5 23. hxg5 Qh5 24. Kg2 Qxg5 25. Rh1 h5 26. Bf5 Ne6 27. Bxe6+ Rxe6
28. Qd1 Qg4 29. Nc3 Re7 30. Rxh5 Qxd1 31. Rxd1 Rg7 32. Rd6 Kf8 33. Rxf6+ Ke7
34. Rhh6 1-0